Statistics for Oneworld Members

Click here to take the quiz!

General Stats

  • This quiz has been taken 135 times
    (39 since last reset)
  • The average score is 10 of 13

Answer Stats

Answer% Correct
American Airlines
100%
British Airways
100%
Iberia
93%
Qantas
89%
Qatar Airways
89%
Japan Airlines
81%
Royal Air Maroc
74%
Royal Jordanian
74%
Cathay Pacific
67%
Finnair
67%
Malaysia Airlines
67%
Alaska Airlines
63%
SriLankan Airlines
52%

Score Distribution

Percentile by Number Answered

Percent of People with Each Score

Your Score History

You have not taken this quiz since the last reset